Presenting with power: (Record no. 35648)

MARC details
000 -LEADER
fixed length control field 00671nam a22001937a 4500
005 - DATE AND TIME OF LATEST TRANSACTION
control field 20100504115558.0
008 - FIXED-LENGTH DATA ELEMENTS--GENERAL INFORMATION
fixed length control field 100309t xxu||||| |||| 00| 0 eng d
020 ## - INTERNATIONAL STANDARD BOOK NUMBER
International Standard Book Number 9780230636248
Terms of availability 185.00
037 ## - SOURCE OF ACQUISITION
Source of stock number/acquisition PUB
040 ## - CATALOGING SOURCE
Original cataloging agency dpl
Language of cataloging English
100 ## - MAIN ENTRY--PERSONAL NAME
Personal name McConnon, Shay
245 ## - TITLE STATEMENT
Title Presenting with power:
Statement of responsibility, etc by Shay McConnon
Remainder of title captivate, motivate inspire & persuad /
260 ## - PUBLICATION, DISTRIBUTION, ETC. (IMPRINT)
Place of publication, distribution, etc New Delhi
Name of publisher, distributor, etc Macmillan
Date of publication, distribution, etc 2008(repr.).
270 ## - ADDRESS
Address 2/10, Ansari Road, Daryaganj
City New Delhi
Postal code 110002
300 ## - PHYSICAL DESCRIPTION
Extent xi, 138p.
Dimensions 24cm(pbk)
Other physical details ill.
500 ## - GENERAL NOTE
General note Includes index
942 ## - ADDED ENTRY ELEMENTS (KOHA)
Source of classification or shelving scheme Dewey Decimal Classification
Item type English Books
Call number suffix MCC
Holdings
Withdrawn status Lost status Source of classification or shelving scheme Damaged status Not for loan Home library Current library Date acquired Cost, normal purchase price Total Checkouts Full call number Date last seen Cost, replacement price Koha item type
    Dewey Decimal Classification   Ordered Andrews Gunj Andrews Gunj 04/05/2010 185.00   MCC 04/05/2010 185.00 English Books

© Delhi Public Library
Hit Counter
free hit counter